000 00312 a2200145 4500
001 186714
020 _a
040 _cMagnum
100 _aLuquini, Joselma
240 1 0 _aO descobrimento do Brasil
_lpor
245 1 0 _aO descobrimento do Brasil
300 _a30
697 _aLITERATURA INFANTO
942 _cBK
999 _c186714
_d186714